000 00685nam a22002177a 4500
003 OSt
005 20251030061626.0
008 251030b |||||||| |||| 00| 0 eng d
020 _a0-02-821491-9.
040 _aDWCL-Main lib
_cOC
082 _2Vol. I
_aCirc. 910 B671g 2000
100 _aBoehm, Richard G.
245 _aGeography :
_bThe world and its people Vol. 1
_cBoehm, Richard G.
260 _aN.Y. :
_bGlencoe/McGraw-Hill,
_cc2000.
300 _axx, A32, 780 pages :
_bcolored illustration ;
_cmaps; 28 cm.
504 _aIncludes index.
650 _21. Geography.
700 _aArmstrong, David G.
700 _aHunkins, Francis P.
942 _2ddc
_cBK-CIRC
_eVol. I
_kCirc.
_n0
999 _c5340
_d5340